000 00884nam a2200289 i 4500
001 C2-0321803
003 PPAK
005 20180728120902.0
008 130306s2012 my a|||| ||||| | may d
020 _a9789833567997
040 _aPPAK
_beng
_cPPAK
_erda
082 0 4 _a899.233
_223
090 0 0 _a899.233
_bJAY
_dK
100 0 _aJayanthi Mahalingam,
_eauthor
245 1 0 _aBudi bahasa amalan kita dan jauhi orang yang tidak dikenali
264 1 _aPetaling Jaya, Selangor :
_bAnugerah Publications ,
_c2012
300 _a30 pages :
_billustrations ;
_c25 cm
336 _2rdacontent
_atext
337 _2rdamedia
_aunmediated
338 _2rdacarrier
_avolume
490 1 _aSiri Budi pekerti mulia
500 _aIncludes indexes
650 1 0 _aChildren's stories, Malay.
700 0 _aAzlinda Mohd Masri,
_eeditor
830 0 _aSiri Budi pekerti mulia
942 _ddc
_cB
999 _c122212
_d122212